| 000 | 00457nam a2200157 a 4500 | ||
|---|---|---|---|
| 001 | 000045593 | ||
| 005 | 20201002052332.0 | ||
| 008 | 150416s1996 dr a 000 0 spa d | ||
| 082 |
_axxxxxxxxxx _bxxxxxxxxxx |
||
| 245 | 0 | 0 |
_aManual de dos / _cFelipe Peralta Disla. |
| 250 | _a6a ed. actualizada y aumentada | ||
| 260 |
_aSanto Domingo : _bCENTU, _c1996. |
||
| 300 |
_a130 p. : _bil. ; _c22 cm. |
||
| 700 | 1 |
_aPeralta Disla, Felipe _953602 |
|
| 999 |
_c45082 _d45082 |
||
| 040 | _aDO-SdBNP | ||